00575nam a2200181Ia 4500003000900000008004100009040001600050080001700066100002100083245010500104260004800209300001300257500002600270650004100296650001200337650002200349650002200371IN-BaIIA211028s9999 xx 000 0 eng d cIIA Library a524.3.5bEDD aEddington, A. S. 4aThe internal constitution of the starscA. S. Eddington  aCambridgebCambridge University Pressc1930 ax, 407p. aDonated by Mrs. Bappu aAstronomy and Astrophysics Thesaurus aStellar aStellar Evolution aStellar Structure